[Event "NOR-ch Kadett-B"]
[Site "Lillehammer"]
[Date "2013.06.29"]
[Round "4"]
[White "Bakke, Espen Haltvik"]
[Black "Jenssen, Magnus Dahl"]
[Result "0-1"]
[WhiteElo "772"]
[BlackElo "1089"]
[PlyCount "62"]
[EventDate "2013.06.29"]
[EventType "swiss"]
[EventRounds "9"]
[EventCountry "NOR"]
[SourceTitle "EXT 2017"]
[Source "ChessBase"]
[SourceDate "2016.10.25"]
[SourceVersion "1"]
[SourceVersionDate "2016.10.25"]
[SourceQuality "1"]

1. d4 d5 2. c4 c6 3. Nf3 Bf5 4. Nc3 e6 5. e3 Nf6 6. Be2 Bb4 7. Bd2 0-0 8. 0-0 Bd6 9. b3 c5 10. cxd5 cxd4 11. exd4 Nxd5 12. Nxd5 exd5 13. Rc1 Nc6 14. Re1 Bg4 15. Bc3 Qf6 16. Bb2 Rfe8 17. a3 Qh6 18. g3 Re7 19. Rc2 Rae8 20. Nh4 Bh3 21. Bc3 Qg5 22. Bf3 Bxa3 23. Bxd5 Qxd5 24. Nf3 Rxe1+ 25. Bxe1 Bg4 26. Rc3 Bb4 27. Re3 Rxe3 28. fxe3 Bxe1 29. Qxe1 Qxf3 30. e4 Bh3 31. Qf2 Qd1+ 0-1

[Event "NOR-ch Kadett-B"]
[Site "Lillehammer"]
[Date "2013.06.29"]
[Round "3"]
[White "Rambjor, Jon Oddvar"]
[Black "Bakke, Espen Haltvik"]
[Result "1-0"]
[WhiteElo "873"]
[BlackElo "772"]
[PlyCount "58"]
[EventDate "2013.06.29"]
[EventType "swiss"]
[EventRounds "9"]
[EventCountry "NOR"]
[SourceTitle "EXT 2017"]
[Source "ChessBase"]
[SourceDate "2016.10.25"]
[SourceVersion "1"]
[SourceVersionDate "2016.10.25"]
[SourceQuality "1"]

1. b4 e5 2. Bb2 f6 3. b5 d5 4. d4 Bd6 5. e3 c6 6. c4 Ne7 7. a4 0-0 8. Nf3 e4 9. Nfd2 Bd7 10. Qb3 a6 11. c5 axb5 12. cxd6 Nf5 13. axb5 cxb5 14. Rxa8 Nxd6 15. Nxe4 Nxe4 16. Qxd5+ Kh8 17. Qxe4 Bc6 18. Qf5 b6 19. Ra7 Bd7 20. Qc2 Nc6 21. Ra1 Nb4 22. Qb3 Qe7 23. Ba3 Rc8 24. Bxb4 Qe8 25. Nc3 h6 26. Bd6 Be6 27. d5 Bf5 28. Bxb5 Qd8 29. Bf4 Be4 1-0

[Event "NOR-ch Kadett-B"]
[Site "Lillehammer"]
[Date "2013.06.29"]
[Round "6"]
[White "Skotheim, Andreas"]
[Black "Bakke, Espen Haltvik"]
[Result "1-0"]
[WhiteElo "969"]
[BlackElo "772"]
[PlyCount "47"]
[EventDate "2013.06.29"]
[EventType "swiss"]
[EventRounds "9"]
[EventCountry "NOR"]
[SourceTitle "EXT 2017"]
[Source "ChessBase"]
[SourceDate "2016.10.25"]
[SourceVersion "1"]
[SourceVersionDate "2016.10.25"]
[SourceQuality "1"]

1. e4 c5 2. Nf3 Nc6 3. d4 cxd4 4. Nxd4 g6 5. Nc3 Bg7 6. Be3 Nf6 7. Be2 0-0 8. 0-0 d5 9. Nxc6 bxc6 10. e5 Nh5 11. Qd4 Qc7 12. f4 f6 13. Nxd5 Qb8 14. Nxe7+ Kf7 15. Nxc8 Rxc8 16. g4 Kg8 17. gxh5 fxe5 18. Qc4+ Kh8 19. Qc3 exf4 20. Bd4 Bxd4+ 21. Qxd4+ Kg8 22. Bc4+ Kf8 23. Rxf4+ Ke7 24. Re1+ 1-0